How Many Countries Does It border - Random - Statistics

General Stats
  • This quiz has been taken 15 times
  • The average score is 6 of 12
Answer Stats
Question Answer % Correct
Papua New Guinea 1
100%
China 14
100%
El Salvador 2
100%
Vietnam 3
100%
Thailand 4
100%
Republic of the Congo 5
100%
Uganda 5
100%
Senegal 5
100%
Cameroon 6
100%
Algeria 6
100%
Iran 7
100%
Kenya 5
86%
Malaysia 3
80%
Myanmar 5
80%
Paraguay 3
75%
Chile 3
75%
Croatia 5
75%
Lebanon 2
67%
Guatemala 4
67%
Uzbekistan 6
67%
Burkina Faso 6
67%
Sudan 7
67%
Hungary 7
67%
Rwanda 4
60%
Azerbaijan 5
60%
Russia 14
50%
Sierra Leone 2
50%
Kuwait 2
50%
Lithuania 4
50%
Ivory Coast 5
50%
Chad 6
50%
Ethiopia 6
50%
Niger 7
50%
Democratic Republic of the Congo 9
40%
Singapore 0
33%
Malawi 3
33%
Benin 4
33%
Syria 4
33%
Kazakhstan 5
33%
South Sudan 6
33%
Mali 7
33%
Iraq 6
25%
Saudi Arabia 7
25%
Ukraine 7
25%
East Timor 1
0%
Indonesia 3
0%
Angola 4
0%
Laos 5
0%
Bolivia 5
0%
Guinea 6
0%
Zambia 8
0%
Tanzania 8
0%
Serbia 8
0%
Turkey 8
0%
No matching quizzes found
Score Distribution
Percent of People with Each Score
Percentile by Number Answered
Your Score History
You have not taken this quiz